北海道交会点サドンデス - Statistics

General Stats
  • This quiz has been taken 20 times
  • The average score is 2 of 10
Answers on the Grid
Answers color-coded by a green-red scale on the quiz's grid according to % correct below.
141-46
142-46
143-46
144-46
145-46
141-45
142-45
143-45
144-45
145-45
141-44
142-44
143-44
144-44
145-44
141-43
142-43
143-43
144-43
145-43
141-42
142-42
143-42
144-42
145-42
 
Answer Stats
Answer % Correct
143-44
80%
142-44
40%
142-45
20%
143-43
20%
144-44
20%
141-43
0%
142-43
0%
144-43
0%
145-43
0%
145-44
0%
No matching quizzes found
Score Distribution
Percent of People with Each Score
Percentile by Number Answered
Your Score History
You have not taken this quiz